|
|
|
|
| LEADER |
00000cam a2200000 a 4500 |
| 001 |
vtls001102127 |
| 003 |
SK-MaSNL |
| 005 |
20260302031000.0 |
| 008 |
250313s1981 xo a e n 000 0 slo |
| 015 |
|
|
|a SNBA1981/07
|
| 035 |
|
|
|a SNK000044969
|
| 035 |
|
|
|a urn:nbn:sk:snk-aml8fo
|
| 035 |
|
|
|a urn:nbn:sk:snk-am008sdm
|
| 035 |
|
|
|a 6FAD93D1-E885-43C8-84AF-169A2BFA602C
|
| 040 |
|
|
|a SNK
|b slo
|c SNK
|e AACR2
|
| 041 |
0 |
|
|a slo
|
| 044 |
|
|
|a xo
|c SK
|
| 080 |
|
|
|a 517.5(075.8)
|2 1981
|
| 100 |
1 |
|
|a Púchovský, František,
|d 1921-1996
|4 aut
|9 187417
|
| 245 |
1 |
0 |
|a Základy teórie funkcie komplexnej premennej
|c František Púchovský
|
| 250 |
|
|
|a 1. vyd.
|
| 260 |
|
|
|a Bratislava
|b Alfa
|c 1981
|
| 300 |
|
|
|a 157 s.
|b grafy, sch.
|c 29 cm
|
| 366 |
|
|
|e 900 výt.
|
| 490 |
1 |
|
|a Dočasná vysokoškolská učebnica
|
| 504 |
|
|
|a Bibliogr.
|
| 650 |
0 |
7 |
|a komplexné čísla
|2 SNKPH
|9 90360
|
| 650 |
0 |
7 |
|a matematické funkcie
|2 SNKPH
|9 88190
|
| 650 |
0 |
7 |
|a funkcie komplexnej premennej
|2 SNKPH
|9 50106
|
| 655 |
|
7 |
|a učebnice vysokých škôl
|2 SNKPH
|9 70191
|
| 710 |
2 |
|
|a Vysoká škola dopravy a spojov v Žiline
|4 pbl
|
| 810 |
2 |
|
|a Vysoká škola dopravy a spojov v Žiline
|t Dočasná vysokoškolská učebnica
|9 279379
|
| 830 |
|
0 |
|a Dočasná vysokoškolská učebnica
|9 279156
|
| 852 |
|
|
|a Slovenská národná knižnica
|
| 958 |
|
|
|a OND
|
| 958 |
|
|
|a NB
|
| 958 |
|
|
|a TL
|
| 958 |
|
|
|a UV
|
| 999 |
|
|
|c 1050121
|d 1052051
|
| 952 |
|
|
|a SNK
|b SNK
|y PREZ
|7 0
|p 17A1001367
|o snkSB 31974
|i snkKSP 5447/81
|0 0
|1 0
|4 0
|d 2012-07-25
|f 1
|l 0
|r 2025-04-04 00:00:00
|w 2026-02-24
|
| 952 |
|
|
|t P60, <04>, [BOOK], {604}
|a SNK
|b SNK
|y VYP
|7 0
|p 17A0012106
|o snkSB 31974 D1
|i snkKSP 5448/81
|0 0
|1 0
|4 0
|d 1996-10-14
|l 0
|r 2004-12-31 00:00:00
|w 2026-02-24
|